As I live and breathe (Record no. 5412)
[ view plain ]
| 000 -LEADER | |
|---|---|
| fixed length control field | 00318nam a22000977a 4500 |
| 005 - DATE AND TIME OF LATEST TRANSACTION | |
| control field | 20250901165530.0 |
| 008 - FIXED-LENGTH DATA ELEMENTS--GENERAL INFORMATION | |
| fixed length control field | 210602b |||||||| |||| 00| 0 eng d |
| 050 ## - LIBRARY OF CONGRESS CALL NUMBER | |
| Classification number | BX5995.B66 .B69 1969 |
| 245 ## - TITLE STATEMENT | |
| Title | As I live and breathe |
| Remainder of title | stages of an autobiography |
| Statement of responsibility, etc. | BOYD, MALCOLM |
| 942 ## - ADDED ENTRY ELEMENTS (KOHA) | |
| Source of classification or shelving scheme | Library of Congress Classification |
| Classification part | BX5995.B66 .B69 1969 |
| Withdrawn status | Lost status | Source of classification or shelving scheme | Damaged status | Not for loan | Home library | Current library | Shelving location | Date acquired | Total checkouts | Full call number | Barcode | Date last seen | Price effective from | Koha item type |
|---|---|---|---|---|---|---|---|---|---|---|---|---|---|---|
| Library of Congress Classification | Main Library | Main Library | 06/02/2021 | BX5995.B66 .B69 1969 | PIU0009698 | 06/02/2021 | 06/02/2021 | Books |